00585 2200205 4500001002100000005001700021008004100038020001800079035002400097082001100121090002400132100002600156245006900182250001100251260003100262300003000293650002300323700001200346999002100358YOGYA-0311000000063320110330131744.0 ind  a979-21-0049-0 0010-031100000000633 a028.55 a028.55bSamcNlDEP aSAMEKTO, Cecilia Guno aNubita: si putri awan/Cecilia Guno Samekto, ilustrator, Kensudi. aCet.1. aYogyakartabKanisiusc2001 a40 hlm.bilus.c21x28 cm. aBacaan Kanak-kanak aKensudi aCB-D.11 2001-225